Защо се разболяваме? (Запис номер 173428)
[ съкратено ]
| 000 -Лидер | |
|---|---|
| Контролно поле с фиксирана дължина | 02226nam a2200493 c 4500 |
| 003 - Код на организацията, давaща контролен номер | |
| Контролно поле | BLK |
| 005 - Дата и час на последна редакция | |
| Контролно поле | 20250708131929.0 |
| 008 - Елементи от данни с фиксирана дължина | |
| fixed length control field | 180411b bul|||||r ||||||| ||bul|| |
| 010 ## - Наследен системен номер | |
| LC control number | KNG00181826000 |
| 020 ## - Международен стандартен номер на книга ISBN | |
| Международен стандартен номер на книга ISBN | 978-954-625-982-0 |
| 020 ## - Международен стандартен номер на книга ISBN | |
| Международен стандартен номер на книга ISBN | 3800083815976 |
| 040 ## - Източник на каталожния запис | |
| Идентификатор на билиотеката - собственик на записа | BLK |
| 041 ## - Код за език | |
| Код за езика на текст/звукозапис или на отделно заглавие | Български |
| Код за езика КДБФ | Български |
| 072 #7 - Код за тематичната категория | |
| Код организация | bullib |
| Код за тематична категория | Н86 |
| Текст | Детска отраслова литература Н |
| 080 ## - УДК | |
| Текстов определител УДК | Патология. Клинична медицина |
| УДК код - определител по УДК | 616 |
| УДК определител | (035)(02.053.2) |
| УДК - код + определител | 616(035)(02.053.2) |
| 100 ## - Редна дума - Автор | |
| R(LIN) | 1584 |
| Автор | Рюбел, Дорис |
| Авторска отговорност | текст и ил. |
| 139 ## - Редно поле | |
| Редна дума | Рюбел, Дорис |
| Авторски знак | Ръс - Р 98 |
| 245 10 - Сведения за заглавието | |
| Заглавие | Защо се разболяваме? |
| Подзаглавни данни | Енциклопедия за най-малките : 2 - 4 години : С повдигащи се капачета на всяка страница |
| Редно поле (дума) | текст и ил. Дорис Рюбел; ил. Розалина Борилова Палазова |
| 257 ## - Страна на издаване | |
| Страна на създаване/издаване | Германия |
| 260 ## - Област на издателските данни | |
| Име на издателя, разпространителя и проч. | Фют |
| Година на издаване | 2014 |
| Печатница | отпеч. в Италия |
| Място на издаване, разпространение и проч. | София |
| 300 ## - Физическа характеристика | |
| Страници | 16 с. |
| Илюстрации и др. | с цв. ил. |
| Размери/Мащаб | 20 см |
| 380 ## - Жанр | |
| Жанр | Детска отраслова лит. |
| 490 ## - СЕРИИ (Колекции) | |
| Име на серия | Поредица Защо? Какво? Как? |
| 9 (RLIN) | 208015 |
| №: серия | 3 |
| 500 ## - Общи забележки | |
| Забележка | Кор. опис. - Ориг. загл. Bald Bin Ich Wieder Gesund / Ill. und Text Doris Rubel. - Сведения за авт. отг. отбелязани в изд. каре. - Кн. отпеч. на ламиниран картон. |
| 650 #4 - Допълнително описание по предмет – тема | |
| Основно описание – тема или топоним | Болести |
| 9 (RLIN) | 148951 |
| 650 #4 - Допълнително описание по предмет – тема | |
| Основно описание – тема или топоним | Енциклопедии, детски |
| 9 (RLIN) | 154962 |
| 653 ## - Ключова дума – ненормативна | |
| Ключова дума | болести |
| 653 ## - Ключова дума – ненормативна | |
| Ключова дума | здраве |
| 653 ## - Ключова дума – ненормативна | |
| Ключова дума | литература за деца |
| 653 ## - Ключова дума – ненормативна | |
| Ключова дума | детска литература |
| 659 ## - Тематичен бюлетин | |
| Тематичен бюлетин | Н |
| 700 1# - Други автори (авторска отговорност) | |
| Лично име | Рюбел, Дорис |
| Автороска отговорност (Описва отношението между автора и произведението) | текст и ил. |
| 9 (RLIN) | 117997 |
| 700 1# - Други автори (авторска отговорност) | |
| Лично име | Палазова, Розалина Борилова |
| Друга информация | Журналист. Преводач от немски език. |
| 9 (RLIN) | 105705 |
| 852 ## - Местоположение | |
| Форматна сигнатура | Цб 274467 |
| 856 4# - Електронен адрес и достъп | |
| Електронен формат | pdf - файл |
| 856 4# - Електронен адрес и достъп | |
| Електронен формат | pdf - файл |
| 942 ## - АРТИКУЛИ | |
| Вид на библиотечния материал | Книги |
| Скрит в OPAC | Не |
| Koha issues (borrowed), all copies | 127 |
| Периодичен библиозапис | Да |
| 944 ## - СЪЗДАВАНЕ И РЕДАКЦИЯ на ЗАПИСА | |
| Създаване/Редакция | Създаване |
| Дата на регистрацията/редакция | 15.09.2015 |
| Статус, дата на статуса | Геновева Генчева |
| Служител, извършил регистрацията/редакцията | 30560 |
| 944 ## - СЪЗДАВАНЕ И РЕДАКЦИЯ на ЗАПИСА | |
| Създаване/Редакция | Редакция |
| Дата на регистрацията/редакция | 17.06.2016 |
| Статус, дата на статуса | ф / |
| Служител, извършил регистрацията/редакцията | Людмила_Стоянова |
| 999 ## - СИСТЕМНИ КОНТРОЛНИ НОМЕРА | |
| Koha biblionumber | 173428 |
| Koha biblioitemnumber | 173428 |
| 999 ## - СИСТЕМНИ КОНТРОЛНИ НОМЕРА | |
| Koha biblioitemnumber | 173428 |
| 999 ## - СИСТЕМНИ КОНТРОЛНИ НОМЕРА | |
| Koha biblioitemnumber | 173428 |
| 999 ## - СИСТЕМНИ КОНТРОЛНИ НОМЕРА | |
| Koha biblioitemnumber | 173428 |
| 999 ## - СИСТЕМНИ КОНТРОЛНИ НОМЕРА | |
| Koha biblioitemnumber | 173428 |
| Код за отписване | Код за изгубен артикул | Код за повреда | Коз за рестрикции | Код за отдаване | Артикулен № | Име на библиотеката - собственик | Име на библиотеката, в която се намира в момента | Статус (Текущо местоположение) | Дата на вписване в системата | Местоположение - отдел | Цена в лева | Инвентарен номер | Систематично азбучна сигнатура | Баркод | Номер на екземпляра | Цена в евро | Служебна бележка | Служебен тип на артикула | Източник на класификационната схема |
|---|---|---|---|---|---|---|---|---|---|---|---|---|---|---|---|---|---|---|---|
| Не е изгубен | Не е повреден | без рестрикции | заемане за дома | 296454 | Регионална библиотека "Любен Каравелов" Русе | Регионална библиотека "Любен Каравелов" Русе | Детски отдел | 2015-09-16 | Детски отдел | 9.90 | 120000792573 | ДН 61/Р 98 | 120000792573 | 1 | 5.06 | Дост: Pk Вид: Ф N: 440 Дата: 14.09.2015 Дата инв: 26.10.2015 Бележки инв: Д2015 | Книги | ||
| Не е изгубен | Не е повреден | без рестрикции | заемане за дома | 296455 | Регионална библиотека "Любен Каравелов" Русе | Регионална библиотека "Любен Каравелов" Русе | Детски отдел | 2016-05-31 | Детски отдел | 9.90 | 120000800653 | ДН 61/Р 98 | 120000800653 | 2 | 5.06 | Дост: Pk Вид: Ф N: 461 Дата: 30.05.2016 | Книги | ||
| Не е изгубен | Не е повреден | без рестрикции | заемане за дома | 862097 | Регионална библиотека "Любен Каравелов" Русе | Регионална библиотека "Любен Каравелов" Русе | Детски отдел | 2021-11-16 | Детски отдел | 8.18 | 61/Р 98 Д | 120000862523 | 4.18 | Книги | Universal Decimal Classification | ||||
| Не е изгубен | Не е повреден | без рестрикции | заемане за дома | 862098 | Регионална библиотека "Любен Каравелов" Русе | Регионална библиотека "Любен Каравелов" Русе | Детски отдел | 2021-11-16 | Детски отдел | 8.18 | 61/Р 98 Д | 120000862522 | 4.18 | Книги | Universal Decimal Classification |